Normal view
MARC view
- MS- Marketing
Entry Topical Term
001 - CONTROL NUMBER
- control field: 130980
003 - CONTROL NUMBER IDENTIFIER
- control field: NUST
005 - DATE AND TIME OF LATEST TRANSACTION
- control field: 20251008104116.0
008 - FIXED-LENGTH DATA ELEMENTS
- fixed length control field: 251008|| aca||aabn | a|a d
040 ## - CATALOGING SOURCE
- Original cataloging agency: NUST
- Transcribing agency: NUST
150 ## - HEADING--TOPICAL TERM
- Topical term or geographic name entry element: MS- Marketing
670 ## - SOURCE DATA FOUND
- Source citation: Work cat.: (NUST): Hussain, Abid 19282, FOMO through the Lens of Theory Interpersonal Behavior: A Study on Food Sector of Pakistan/
